[Event "SaitekSparc_Risc2500norm"]
[Site "Zürich"]
[Date "2019.02.28"]
[Round "11"]
[White "Saitek Sparc"]
[Black "Saitek Risc 2500 normal"]
[Result "1-0"]
[WhiteElo "2254"]
[BlackElo "2247"]
[Annotator "KUT"]
[PlyCount "166"]
[EventDate "2019.??.??"]

1. d4 Nf6 {Vergleichsmatch 120'/40 der Spielstile Risc 2500 gegen Saitek Sparc
| 11. Partie | Vergleich der Zwischenstände nach 11 Partien: Risc 2500 norm =
4,0 Pkt. | Risc 2500 akt = 6,5 Pkt. | Nach frühzeitiger Klärung der
Verhältnisse im Zentrum werden bald die Damen getauscht. Weiss hat vier gegen
drei Bauern am Königsflügel und nebst dem Turm das Läuferpaar. Schwarz
einen Freibauer auf der a-Linie und nebst Springer/Läufer einen Turm, kurzum
ein typisches Endspiel, entstanden aus dem Budapester Gambit mit leichten
Vorteilen für Weiss. Und wie üblich in solchen Stellungen, braucht es wenig,
um das Gleichgewicht zu stören. Das passiert dann auch nach schwarzen
Ungenauigkeiten, was am Ende Bauernverlust für den Risc 2500 norm zur Folge
hat. Und da Schwarz seinen Turm in eine ungünstige Position ohne echte
Handlungsfreiheit manövriert hat, geht auch noch der schwarze Freibauer
verloren. Und hernach gelingt es dem Saitek Sparc mit seinen zwei Mehrbauern
den Gegner trotz oder gerade wegen der ungleichfarbigen Läufer in eine
Zugzwangstellung zu bringen mit entscheidendem Materialgewinn.} 2. c4 e5 3.
dxe5 Ng4 4. Bf4 Nc6 5. Nf3 Bb4+ 6. Nbd2 Qe7 7. e3 Ngxe5 8. Nxe5 Nxe5 9. Be2 O-O
10. O-O Bxd2 11. Qxd2 d6 12. Rfd1 b6 13. b4 Bb7 {Ende Buch} 14. c5 dxc5 15.
bxc5 {Ende Buch} Rfd8 {Abweichung} (15... Ng6 16. Qd7 Qxd7 17. Rxd7 Nxf4 18.
exf4 Rac8 19. cxb6 Bc6 20. Rxc7 axb6 21. Rxc8 Rxc8 22. Rc1 Bb7 23. Rxc8+ Bxc8
24. Bc4 Bd7 25. f3 b5 26. Bd5 Kf8 27. g4 f5 28. h3 Ke7 29. Kf2 h6 30. Kg3 g6
31. a3 Kf6 32. Kf2 h5 33. g5+ Ke7 34. Ke3 Be8 35. Kd4 Kd6 36. h4 Kd7 37. Kc5
Kc7 38. Be6 Bc6 39. Bf7 Bxf3 40. Bxg6 Kd7 41. Bxf5+ Ke7 42. Bd3 Kf8 43. Kxb5
Bd5 44. a4 Bf3 45. Kc5 Bb7 {1-0 (45) Saitek Sparc (2254)-Saitek Risc 2500
aktiv (2247) Zürich 2019}) 16. Qc2 Ng6 17. Bg3 Rxd1+ 18. Rxd1 bxc5 19. Rc1 Rd8
20. Qxc5 Qxc5 21. Rxc5 Rd2 22. Bf1 Rxa2 23. Rxc7 Rb2 {Schwarz hat
Materialverlust gerade noch verhindern können. Weiss steht dank seines
Läuferpaars in diesem Endspiel etwas besser.} 24. Bd3 a5 {Besser hätte
Schwarz mit ...Td2 den gegnerischen Läufer verfolgt.} 25. f3 $16 {Öffnet dem
König ein Luftloch und tragt dazu bei, dass dem Gegner alle Felder d4-g4
verwehrt sind. Und ganz allgemein befindet sich Schwarz nun in einer
schwierigen Lage; sein Lb7 darf wegen Tc8+ Sf8, Ld6 +- nicht ziehen, der Punkt
f7 kann unter Feuer genommen werden und zieht irgendein den König
schützender Bauer, erweitert sich die Wirksamkeit des weissen Turms auf der 7.
Reihe, während auch das Feld g7 durch den weissen Turm+Läufer unter Beschuss
genommen werden kann.} Nf8 26. Bc4 Ne6 27. Bxe6 Rb1+ 28. Kf2 fxe6 29. Be5 {
Und schon fällt wenigstens ein Bauer.} g6 30. Rg7+ {Nun geht ...Kh8
natürlich nicht wegen dem Abzugschach Txb7 nicht und Schwarz verliert Haus
und Hof.} Kf8 31. Rxh7 {Die ungleichfarbigen Läufer sind ein Trost für die
schwächere Partei.} Bc6 32. Bd6+ Kg8 33. Re7 Rb2+ 34. Kg3 Bd5 35. Ra7 Rb5 36.
Bc7 $6 {Mit 36.e4 nebst h4 oder auch 36.h4 nebst e4 wäre es für Schwarz
deutlich rascher bergab gegangen.} Rb3 37. Bf4 Rb5 38. Bd6 Bb3 39. e4 Rh5 40.
e5 $6 {Schafft dem gegnerischen Läufer wieder einen starken Stützpunkt im
Zentrum und macht den eigenen Läufer schlechter.} a4 41. Ra8+ Kg7 42. h3 {
Besser 42.h4 usw.} Rh8 43. Ra7+ Kg8 44. f4 Rh5 45. Ra8+ Kh7 46. Be7 Kg7 47.
Bf6+ Kf7 48. Ra7+ Kf8 49. Kf2 Bc2 50. h4 Kg8 51. Rg7+ Kf8 52. Rc7 {Weiss hat
nun Gewinnstellung, da der Gegner in Zugzwang gerät.} Bd1 53. Ke1 {Bald wird
der schwarze Freibauer a4 fallen. Der schwarze Läufer muss auf der Diagonale
d1-h5 bleiben, weil ansonsten g4 folgen kann, wonach der schwarze Turm kein
Rückzugsfeld mehr hätte.} Bg4 54. Rc8+ Kf7 55. Ra8 Bf5 56. Rxa4 {In der
Zwischenzeit sind es zwei weisse Mehrbauern geworden.} Ke8 57. Ra7 Kf8 58. Ke2
Kg8 59. Rg7+ Kf8 60. Rd7 Kg8 61. Rd8+ Kf7 62. Kf3 {droht die Gabel g4} Rh7 63.
Rd2 Ke8 64. g4 Bb1 65. Rd6 Kf7 66. Rd7+ Kg8 67. Rd8+ Kf7 68. Rd6 Bc2 69. Rb6
Bd1+ 70. Kg3 Ba4 71. Rd6 Bc2 72. Rd7+ Kg8 73. Rd8+ Kf7 74. Rd4 Bb3 75. Rb4 Bd5
76. Rb8 Bc6 77. Kf2 Rh6 78. Rc8 Bd7 79. Rc7 Ke8 80. Ra7 Rh7 81. f5 {Nachdem es
lange Zeit so ausgesehen hat, als ob es für Weiss nicht vorwärtsgehen würde,
beweist der Saitek Sparc das Gegenteil.} gxf5 82. gxf5 exf5 83. e6 Bxe6 {
Schwarz gibt auf} 1-0

[Event "SaitekSparc_Risc2500norm"]
[Site "Zürich"]
[Date "2019.03.01"]
[Round "12"]
[White "Saitek Risc 2500 normal"]
[Black "Saitek Sparc"]
[Result "0-1"]
[WhiteElo "2247"]
[BlackElo "2254"]
[Annotator "KUT"]
[PlyCount "175"]
[EventDate "2019.??.??"]

1. d4 d5 {Vergleichsmatch 120'/40 der Spiel-Stile von Saitek Risc 2500 gegen
Saitek Sparc | 12. Partie |Vergleich der Zwischenstände nach 12 Partien: Risc
2500 normal = 4,0 Pkt. / Risc 2500 akt = 7,0 Pkt. | In einer komplexen
Stellung liess sich Weiss nach Damentausch im Zentrum und am Damenflügel
unter Druck setzen. Und als der Risc 2500 norm einen Bauern hergab, den er
nicht mehr zurückerhalten konnte, war der Beginn vom Ende vorprogrammiert,
zumal die schwarzen Figuren einfach deutlich aktiver auftreten konnten. Und so
fielen der zweite, dritte und vierte weisse Bauer und der Saitek Sparc feiert
einen verdienten Sieg.} 2. c4 e6 3. Nc3 Nf6 4. Bg5 c6 5. e3 Nbd7 6. Nf3 Qa5 7.
cxd5 Nxd5 8. Qd2 Bb4 9. Rc1 {Ende Buch} e5 10. dxe5 Nc5 {Ende Buch} 11. Bd3
Qxa2 12. Bb1 Qc4 13. Nd4 Bd7 {Abweichung} (13... h6 14. Bh4 O-O 15. Qe2 Qxe2+
16. Kxe2 Bxc3 17. bxc3 Re8 18. c4 Nb4 19. Bg3 a5 20. f3 a4 21. Be1 Nca6 22. Bc3
a3 23. Rhd1 Kh8 24. Kf2 Rg8 25. Kg1 a2 26. Be4 Rd8 27. Kh1 Bd7 28. Ra1 Be6 29.
Rdc1 Rd7 30. Kg1 Rad8 31. Be1 Kg8 32. c5 Bd5 33. Bf5 Re7 34. Bh4 g5 35. Bg3 Be6
36. Be4 Bd5 37. Nf5 Re6 38. Nd4 Re7 39. Nf5 Re6 40. Nd4 Re7 41. Nf5 {½-½ (41)
Saitek Risc 2500 aktiv (2247)-Saitek Sparc (2254) Zürich 2019}) 14. Qe2 Qxe2+
15. Kxe2 Nxc3+ 16. bxc3 Ba3 17. Rce1 $6 {Was der Turm hier leisten soll, ist
schleierhaft. Wenn schon gehört der Turm auf die d-Linie oder gar nach c2, wo
er nach Thd1 dann Tcd2 mit Turmverdopplung zur Verfügung hat.} Bb2 18. Kd2 {
Dass die Verwicklungen nach 18.Sf5 unter Hergabe des c3-Bauern gemäss den
heutigen Engines zugunsten von Weiss ist, kann der Saitek Risc 2500 norm
unmöglich feststellen.} a5 {stärker ...Sa4} 19. e4 h6 20. Be3 Na4 21. Ne2 Be6
22. Bd3 Bb3 23. Bd4 O-O-O {Schwarz steht besser} 24. e6 $2 {Ein
Gewaltdemonstration, die in die Hose geht.} fxe6 25. Ke3 {Offenbar bemerkt der
Risc 2500 norm erst jetzt, dass ihm das Schlagen 25.Lxg7! The8! nicht gut
bekäme, weil die gegnerischen Drohungen auf der d-Linie, u.a. auch ...Lc4, zu
eine für Schwarz überwältigenden Spiel geführt hätten.} Rd7 {Der g7-Bauer
ist nun gedeckt und Weiss hat für nichts einen Bauern ins Geschäft gesteckt.}
26. Nc1 Bxc1+ $6 {Ein sehr gute, interessante und gar nicht offensichtliche
Idee war 26...Thd8, um nach 27.Sxb3 Lxc3+ 28.Lxc3 Txd3 nebst ...Txb3 mit zwei
Mehrbauern zu verbleiben.} 27. Rxc1 c5 $6 {...Thd8! -/+} 28. Be5 $6 {Tb1 =+}
Nb2 29. Bb5 Nc4+ 30. Bxc4 Bxc4 31. Rhd1 Rhd8 32. Rxd7 Rxd7 33. Ra1 b6 34. f4 g6
35. h4 $6 {Vormarsch mit dem falschen Bauer. OK war 35.g4} Rd3+ 36. Kf2 Rd2+
37. Kf3 h5 38. g3 Rd3+ 39. Kf2 Kb7 40. Ra4 Ka6 41. Ra1 Rd2+ 42. Ke3 Rd7 $19 {
Schwarz steht auf Gewinn, hat er doch einen Mehrbauer, die aktiver agierenden
Figuren und das Potezial, am Damenflügel einen gefährliche Fraubauern zu
bilden.} 43. Bh8 b5 44. Kf3 a4 45. Be5 Rd3+ 46. Kf2 Bb3 47. Bf6 Bd1 48. Be7 Kb6
49. Bf6 Bf3 50. Re1 Bg4 51. Ra1 Rd2+ 52. Ke1 Re2+ 53. Kf1 Rxe4 {Schon sind es
zwei schwarze Mehrbauern geworden.} 54. Ra2 Re3 55. Kf2 Rf3+ 56. Kg2 c4 57.
Bd4+ Ka6 58. Ra3 Rd3 59. Kf2 Bf3 60. Be5 Be4 61. Bf6 Rf3+ 62. Ke2 Rxg3 {
drei schwarze Mehrbauern} 63. Ra1 Rh3 64. Kd2 Rf3 65. Be5 Rd3+ 66. Ke2 Bb7 67.
Bg7 Ka5 68. Ra3 Bf3+ 69. Ke1 Rd1+ 70. Kf2 Bg4 71. Bf8 Kb6 72. Bg7 Rd2+ 73. Kf1
Kc6 74. Be5 Kd5 75. Bf6 Ke4 76. Bg5 Rd1+ 77. Kf2 Rd3 78. Bh6 Kf5 79. Bg5 Bf3
80. Kf1 Bc6 {Angesichts der tödlichen Vormarschdrohung ...b4 geht ein vierter
Bauer von Weiss verloren.} 81. Be7 Kxf4 82. Ke2 Kg3 83. Ke1 Bf3 84. Ra1 Rxc3
85. Kd2 Rd3+ 86. Kc2 Be4 87. Re1 Kf3 88. Bg5 {Weiss gibt auf} 0-1

[Event "SaitekSparc_Risc2500norm"]
[Site "Zürich"]
[Date "2019.03.02"]
[Round "13"]
[White "Saitek Sparc"]
[Black "Saitek Risc 2500 normal"]
[Result "0-1"]
[WhiteElo "2254"]
[BlackElo "2247"]
[Annotator "KUT"]
[PlyCount "119"]
[EventDate "2019.??.??"]

1. e4 c6 {Vergleichsmatch 120'/40 der Spiel-Stile von Saitek Risc 2500 gegen
Saitek Sparc | 13. Partie | Vergleich der Zwischenstände nach 13 Partien:
Risc 2500 normal = 5,0 Pkt. / Risc 2500 akt = 8,0 Pkt. | Nach der Eröffnung
entsteht eine typische Bauernkonstellation im Panow-Angriff der
Caro-Kann-Verteidigung, wo Weiss für längere Zeit einen Mehrbauer in Form
eines Doppelbauern auf der d-Linie halten kann. Eine sachkundige Behandlung
dieser Stellung schafft der Saitek Sparc aber nicht. Und so geht der vordere
Doppelbauer auf d5 bald einmal verloren und Weiss verbleibt mit einem
schwachen isolierten Bauer auf d4. Dieser wird dann auch noch erobert. Die
aktiveren schwarzen Figuren übernehmen das Zepter und als schliesslich beide
schwarzen Türme sich auf der 2. Reihe tummeln, wird definitiv klar, dass
Weiss chancenlos dasteht.} 2. d4 d5 3. exd5 cxd5 4. c4 Nf6 5. Nc3 g6 6. Qb3 Bg7
7. cxd5 O-O 8. Nge2 Nbd7 9. g3 Nb6 10. Bg2 Bf5 11. O-O Qd7 12. a4 Bh3 13. Bxh3
Qxh3 {***ENDE BUCH***} 14. Nf4 {***ENDE BUCH***} Qd7 15. a5 Nc8 16. Re1 Nd6 17.
Na4 {Abweichung} (17. Qa4 Rfe8 18. Qxd7 Nxd7 19. Nfe2 Rac8 20. Bf4 Nf6 21. a6
b6 22. Bxd6 exd6 23. Nb5 Re7 24. Nec3 Rd7 25. Rac1 Kf8 26. f4 h5 27. Kg2 Ra8
28. Rc2 Rc8 29. Rce2 Rc4 30. Kh1 Rb4 31. Rd2 Ng8 32. Kg2 Ne7 33. Re4 Nxd5 34.
Rde2 Nf6 35. R4e3 d5 36. Kf3 Bh8 37. h3 Ne4 38. Kg2 Bxd4 39. Nxd4 Rxd4 40. b3
f5 41. h4 Kf7 42. Ra2 Nc5 43. Na4 Nxa4 44. bxa4 Rc4 45. a5 bxa5 46. Rxa5 d4 47.
Rd3 Kf6 48. Rd2 Rc3 49. Kf2 Rd6 50. Ra4 d3 51. Kf3 Ke6 52. Ke3 Rb3 53. Ra5 Kd7
54. Kf3 Kc7 55. Ke3 Kb6 56. Raa2 Kb5 57. Ra1 Rxa6 58. Rxa6 Kxa6 59. Rxd3 Rxd3+
60. Kxd3 Kb5 61. Kc3 a5 62. Kb3 a4+ 63. Kc3 Kc5 64. Kb2 Kb4 65. Kc1 {0-1 (65)
Saitek Sparc (2254)-Saitek Risc 2500 aktiv (2247) Zürich 2019}) 17... Qc7 18.
Bd2 Nfe4 19. Bc3 Rfe8 20. Qb4 Nf6 21. Rac1 g5 22. Bd2 Qd8 23. Nh3 $6 {Ein
miserabler Platz für den Springer.} h6 24. Nc3 Qd7 25. Kg2 Rac8 26. b3 Qf5 27.
f3 Nxd5 28. Nxd5 Qxd5 {Schwarz hat das materielle Gleichgewicht
wiederhergestellt und dank der Schwäche des isolierten d4-Bauern nun das
bessere Spiel.} 29. Rc5 Qxd4 {Natürlich greift der Risc 2500 norm zu. Es ist
sicher für beide Programme nicht zu ergründen, weshalb die modernen Engines
aber 29...Txc5 bevorzugen.} 30. Qxd4 Bxd4 {Ein Bauer ist doch ein Bauer, wird
sich Schwarz gesagt haben.} 31. Rd5 Bf6 32. Nf2 Kg7 33. f4 Kg6 34. Rd1 Rc2 $17
{Schwarz steht zweifelsohne überlegen.} 35. fxg5 hxg5 36. Kg1 Rec8 37. Be3 a6
38. Ng4 Re2 39. Kf1 Rcc2 40. Bd2 Re6 41. Nxf6 Rxf6+ 42. Kg1 Ne4 {Schwarz hat
gewaltige Fortschritte gemacht und hat den Gegner im Griff.} 43. Be3 $2 {
Dieser Fehler verschlimmert die weissen Probleme enorm.} Re2 44. Bd4 Rf3 {
Ebenso stark ist ...Tc6, was sofort die Verdopplung der Türme auf der 2.
Reihe ermöglicht.} 45. b4 f6 46. Rd7 e5 47. Bc5 Rb3 48. Bf8 Rbb2 $19 {Leitet
das Ende ein.} 49. Rg7+ Kf5 50. Rh7 Nd2 51. Bc5 Nf3+ 52. Kf1 Kg4 53. Rb1 Nxh2+
54. Rxh2 Rxh2 55. Rxb2 Rxb2 56. Be7 Kxg3 57. Ke1 g4 58. Bxf6 Kf4 59. Be7 g3 60.
Bc5 {Weiss gibt auf} 0-1

[Event "SaitekSparc_Risc2500norm"]
[Site "Zürich"]
[Date "2019.03.03"]
[Round "14"]
[White "Saitek Risc 2500 normal"]
[Black "Saitek Sparc"]
[Result "0-1"]
[WhiteElo "2247"]
[BlackElo "2254"]
[Annotator "KUT"]
[PlyCount "143"]
[EventDate "2019.??.??"]

1. d4 d5 {Vergleichsmatch 120'/40 der Spiel-Stile von Saitek Risc 2500 gegen
Saitek Sparc | 14. Partie | Vergleich der Zwischenstände nach 14 Partien:
Risc 2500 normal = 5,0 Pkt. / Risc 2500 akt = 8,5 Pkt. | Die vom Saitek Sparc
gewählte Eröffnungsvariante hat bald einmal nachteilige Folgen, die sich in
einer eklatanten Überlegenheit für den Gegner im Zentrum äussert. Nach
einigen verpassten Angriffsmöglichkeiten kommt der Risc 2500 normal doch noch
auf die richtigen Ideen und die schwarze Königsstellung wird im Sturm erobert
und der Gewinn war mit verschiedenen Fortsetzungen zu erzielen. Das
holländische Programm von Johan de Koning entschied sich für einen Zug, der
wohl eine Figur erobert, dem Gegner durch einen Einbruch seiner Dame auf der 2.
Reihe jedoch das Dauerschach ermöglicht. Es sollte aber noch schlimmer kommen,
weil der Risc 2500 normal dem Dauerschach ausweicht und danach gar selbst in
eine verlorene Stellung stolpert. Ein glücklicher Sieg für den Saitek Sparc.}
2. c4 e6 3. Nc3 c6 4. Nf3 dxc4 5. a4 Bb4 6. e3 b5 7. Bd2 Bb7 8. b3 a5 9. bxc4
Bxc3 10. Bxc3 b4 {***ENDE BUCH***} 11. Bb2 {***ENDE BUCH***} Nf6 12. Bd3 Na6 {
Abweichung} (12... Nbd7 13. c5 O-O 14. O-O Ba6 15. Bxa6 Rxa6 16. Qc2 Qc7 17.
Rab1 Ra7 18. Rfd1 Rb7 19. Nd2 Rfb8 20. Nc4 h6 21. Nd6 Ra7 22. e4 Qd8 23. f3 Qe7
24. Bc1 e5 25. Be3 exd4 26. Nf5 Qe5 27. Bxd4 Qe8 28. Qf2 Kh7 29. Qh4 Qe6 30.
Be3 Ne8 31. Nxg7 Kxg7 32. Rxd7 Rxd7 33. Qg3+ Kh7 34. Qxb8 Rd3 35. Bf4 Ra3 36.
Qd8 Rxa4 37. Qd4 Ra2 38. Ra1 b3 39. Rxa2 bxa2 40. Qc3 a4 41. Qd4 Qb3 42. Be5
Qa3 43. Kf2 Kg6 44. Ke2 Qb3 45. f4 Kh7 46. Kd2 Kg8 47. g3 f6 48. Qd8 Qb4+ 49.
Kd3 Qb1+ 50. Kd2 Kf7 51. Qd7+ Kf8 52. Bd6+ Nxd6 53. Qxd6+ Kf7 54. Qd7+ Kg6 55.
Qf5+ Kg7 56. Qd7+ Kg8 57. Qe6+ Kg7 58. Qd7+ Kh8 59. Qd8+ Kg7 60. Qd7+ {½-½ 
(60) Saitek Risc 2500 aktiv (2247)-Saitek Sparc (2254) Zürich 2019}) 13. c5
O-O 14. O-O g6 {Eine unnötige Schwächung der Königsstellung.} 15. Qc2 Qc7
16. Rad1 {Seine stärkere Zentrumsposition hätte Weiss besser mit 16.e4
ausgebaut.} Rfd8 17. Ne5 {Deutlich Vorteil war mit 17.e4 zu erreichen.} Nb8 18.
f4 Nbd7 19. Rf3 {Auch 19.e4 war stark.} Ba6 20. Bxa6 Rxa6 21. e4 Raa8 22. Nc4
Rab8 23. Re1 {Der Plan 23.Tdf1 gefolgt von f4-f5 versprach deutlichen Vorteil.}
Ng4 24. Nd6 Ndf6 $6 {Nicht gut, weil dieser Springer seinem Kollegen das beste
Feld wegnimmt.} 25. Qe2 $2 {Schwach in dem Sinne, dass Weiss nach 25.h3 Sh6
eine übermächtige Stellung erhalten hätte.} Ne8 26. e5 Nh6 27. Rd1 $6 {
Erneut bei weitem nicht die beste Fortsetzung. Mit 27.Th3 nebst g2-g4 gelangt
Weiss auf den Siegerpfad.} Nf5 28. Qc2 $6 {Verpasst erneute die den Gewinn
bringende Fortsetzung g2-g4.} Qa7 29. Ne4 {Auch hier ist g4 besser.} Rd7 $2 {
Präventive Massnahmen wie 29...h5 waren angezeigt.} 30. Rh3 {Auf die Gefahr
hin, mich zu wiederholen: richtig war 30.g4} Rbd8 {Jetzt ist es Schwarz
gelungen, Druck auf den weissen rückständigen d4-Bauer auszuüben.} 31. Qf2
Qa8 $2 {Verpasst erneut die Prophylaxe ...h7-h5} 32. g4 $1 $18 {Endlich
bequemnt sich der Risc 2500 norm zu diesem Vorstoss, der ihm eine
Gewinnstellung einbringt.} Ne7 33. Rh6 {Nur eine Ungenauigkeit mit noch immer
deutlichem Vorteil, während 33.Dh4 oder 33.Sf6 dem Schwarzen keine Chance
gelassen hätte.} Qa6 34. Ng5 Qc4 35. Rxh7 $18 {Dass Weiss diese
Gewinnstellung gar noch verlieren wird, war nun wirklich nicht zu erwarten.}
Qb3 36. Ra1 Ng7 37. Rh3 Qc4 38. Ne4 Ne8 39. Qh4 Kf8 40. Qh6+ Ng7 41. Qh8+ Ng8
42. Rh7 {Es ist fast unglaublich, dass Schwarz diesen Angriff mehr als
überleben sollte.} f5 43. Nf6 {Auch exf6 e.p. gewinnt} Rf7 44. Nxg8 $2 {
Dieser natürlich aussehende Materialgewinn macht auf einen Schlag alle
weissen Gewinnbestrebungen zunichte.} Qe2 $1 {Ganz offensichtlich hat der Risc
2500 norm dieses das Dauerschach drohnende Damenmanöver falsch eingeschätzt.}
45. Nh6+ Ke7 46. Qxd8+ Kxd8 47. Nxf7+ Ke8 48. Rxg7 Qxg4+ 49. Kf2 Qxf4+ 50. Kg1
Qg4+ 51. Kf1 Qf3+ 52. Ke1 $6 {Weicht völlig unnötig von einem möglichen
Dauerschach ab und gibt den h2-Bauer, den der Gegner dann gar noch mit
Schachgebot schlagen kann.} Qh1+ 53. Kf2 Qxh2+ 54. Kf1 $2 {Ein Fehler, der
zwingend zum Partieverlust führt, weil damit das Eingreifen des Ta1
verhindert wird. Schlecht war auch 54.Kf3, da der weisse Turm, wenn er den
Bauern g6 schlägt, dem Verlust durch ...Dh5 ausgesetzt ist. Mit 54.Ke3
hingegen war langer Widerstand möglich.} Kf8 {Interessanterweise spielt es
für den Ausgang der Partie keine wesentliche Rolle ob, Weiss Txg6 oder Sg5
spielt.} 55. Ng5 Kxg7 56. Bc1 Kg8 57. Nf3 $19 {Materiell steht die Partie
gleich. Aber die weissen Figuren spielen überhaupt nicht zusammen und die
schwarze Dame erweist sich als übermächtig. Ferner verfügt Schwarz über
drei Freibauern und sind die Bauern a4 und d4 anfällig. Kurzum, Weiss ist
chancenlos.} Qc2 {droht Turmgewinn mit ...Dc2+} 58. Nd2 Qd3+ 59. Ke1 Qxd4 {
Die weissen Bauern fallen wie reife Äpfel.} 60. Rb1 Qxe5+ 61. Kd1 Qxc5 {
Der Rest bedarf keines Kommentars.} 62. Nb3 Qd5+ 63. Bd2 c5 64. Nxa5 Qa8 65.
Nb3 c4 66. Na1 Qxa4+ 67. Kc1 Qa3+ 68. Kc2 Qd3+ 69. Kc1 c3 70. Be1 Qe3+ 71. Kd1
Qe4 72. Rb3 {Weiss gibt auf} 0-1